PAPE - Kraje Samorządowe Czech - Statystyki

Ogólne statystyki
  • Ten quiz został rozwiązany 8 razy
  • Średni wynik to 9 z 14
Statystyki odpowiedzi
kraj samorządowy % Poprawnych
Liberecki
100%
Morawsko-śląski
100%
Południowoczeski
100%
Praga
100%
Środkowoczeski
100%
Ustecki
100%
Hradecki
50%
Karlowarski
50%
Południowomorawski
50%
Wysoczyna
50%
Zliński
50%
Ołomuniecki
0%
Pardubicki
0%
Pilzneński
0%
Nie znaleziono quizów pasujących do podanych kryteriów
Rozkład punktacji
Procent ludzi z każdym wynikiem
Percentyl według liczby udzielonych odpowiedzi
Twoja historia wyników
Nie rozwiązałeś tego quizu